banner-ar

دليل او نماذج وبروفايلات الاطفال فى سن المدرسة = (Record no. 65766)

MARC details
000 -الفاتح
حقل البيانات ثابتة الطول 01492nam a22002777a 4500
005 - وقت وتاريخ اخر تعامل مع التسجيلة
رقم الضبط 20240530110842.0
008 - عناصر البيانات ثابتة الطول - معلومات عامة
حقل البيانات ثابتة الطول 200915s2020 ua a g b 000 0 ara d
017 ## - رقم الايداع القانونى
رقم الايداع القانونى 2019/16385
المصدر ( الهيئة المختصة) مصر. دار الكتب
020 ## - الرقم الدولى المعيارى للكتب
الرقم الدولى المعيارى للكتاب 978977053720
040 ## - مصدر الفهرسة
وكالة الفهرسة الأصلية EG-CaGPL
وكالة النسخ EG-CaGPL
082 04 - رقم تصنيف ديوى العشرى
رقم الطبعة 21
رقم التصنيف 155.4/
رقم المادة م د
245 00 - بيان العنوان
العنوان دليل او نماذج وبروفايلات الاطفال فى سن المدرسة =
بقية العنوان Manual or the ASEB & School Age Forms & Profiles : القائمة المرجعية لسلوك الطفل فى سن 6 - 18 سنة : نموذج التقرير المدرسى التقرير الذاتى للشباب : نظام متكامل للتقييم متعدد الاخباريين /
بيان المسئوليه,etc تقديم وترجمة محمد احمد محمود خطاب ؛ تحرير Thomas M. Achenbach
250 01 - بيان الطبعة
بيان الطبعة Manual or the ASEB & School Age Forms & Profiles
260 ## - PUBLICATION, DISTRIBUTION, ETC. (IMPRINT)
تاريخ النشر أو التوزيع 2020.
300 ## - الوصف المادى
التعداد 430 ص . :
تفاصيل ماديه اخرى للوعاء جداول ؛
أبعاد الوعاء 24 سم +
المادة المصاحبة ملاحق.
504 ## - تبصرة ببليوجرافية
تبصرة ببليوجرافية,الخ يشتمل على ارجاعات ببليوجرافية
650 07 - المدخل الاضافى بالموضوع-مصطلح موضوعى
مصدر الرأس أو المصطلح qrmak
مصطلح موضوعي علم النفس التربوى
650 07 - المدخل الاضافى بالموضوع-مصطلح موضوعى
مصدر الرأس أو المصطلح qrmak
مصطلح موضوعي الاطفال
التقسيم الفرعي العام علم نفس
650 07 - المدخل الاضافى بالموضوع-مصطلح موضوعى
مصدر الرأس أو المصطلح qrmak
مصطلح موضوعي تعليم الاطفال
650 07 - المدخل الاضافى بالموضوع-مصطلح موضوعى
مصدر الرأس أو المصطلح qrmak
مصطلح موضوعي الاطفال
التقسيم الفرعي العام رعاية
651 ## - المدخل الاضافى بالموضوع - اسم جغرافى
مصدر الرأس أو المصطلح qrmak
700 0# - المدخل الاضافى - اسم شخصى
الإسم الشخصى محمد احمد محمود خطاب
الدور مقدم ومترجم
700 1# - المدخل الاضافى - اسم شخصى
الإسم الشخصى Achenbach، Thomas M.
942 ## - عناصر المدخل الإضافي( كوها)
مصدر التصنيف او مخطط الترفيف Dewey Decimal Classification
Koha [default] item type كتاب
260 ## - PUBLICATION, DISTRIBUTION, ETC. (IMPRINT)
-- القاهرة :
-- مكتبة الانجلو المصرية ،
Holdings
حالة التراجع حالة الفقد حالة تلف ليس للاعارة المكان المؤقت الموقع الحالى موقع الترفيف تاريخ الاكتساب اجمالي اﻻعارات رقم الطلب الباركود تاريخ اخر مشاهدة تاريخ تفعيل السعر نوع وعاء كوها
        مكتبة القاهرة الكبرى مكتبة القاهرة الكبرى القاعة الرئيسية 09/15/2020   155.4/ م د 166887 09/15/2020 09/15/2020 كتاب

Powered By

EGPV